[Event "Morava-ch U14"]
[Site "Loucna nad Desnou"]
[Date "2017.10.25"]
[Round "3"]
[White "Kolar, Jan1111"]
[Black "Kolator, Vojtech"]
[Result "1-0"]
[WhiteElo "1664"]
[BlackElo "1321"]
[PlyCount "85"]
[EventDate "2017.10.24"]
[EventType "swiss"]
[EventRounds "9"]
[EventCountry "CZE"]
[SourceTitle "EXT 2020"]
[Source "ChessBase"]
[SourceDate "2019.10.17"]
[SourceVersion "1"]
[SourceVersionDate "2019.10.17"]
[SourceQuality "1"]

1. e4 c6 2. Nf3 d5 3. exd5 cxd5 4. d4 Nc6 5. Be2 Nf6 6. 0-0 Bg4 7. Bg5 Qb6 8. Bxf6 Qxb2 9. Bxg7 Bxg7 10. Nbd2 Nxd4 11. Nxd4 Qxd4 12. Bxg4 Qf4 13. Rb1 Bh6 14. Nb3 0-0 15. g3 Qg5 16. h4 Qg6 17. Bh5 Qf5 18. Qg4+ Qxg4 19. Bxg4 Rac8 20. Bxc8 Rxc8 21. Nd4 b6 22. Rfe1 Kf8 23. f4 Bg7 24. Nf5 e6 25. Nxg7 Kxg7 26. Re2 Rc3 27. Kf2 Kf6 28. Rb3 Rc4 29. Kf3 Kf5 30. g4+ Kf6 31. c3 a5 32. g5+ Kf5 33. Re5+ Kg6 34. Kg4 Rc6 35. h5+ Kg7 36. h6+ Kg8 37. f5 Rc4+ 38. Kh5 Rc6 39. fxe6 fxe6 40. g6 a4 41. Rb4 Rxc3 42. gxh7+ Kxh7 43. Rxe6 1-0